01116 2200217 4500001002100000005001500021035002000036007000300056008004100059020002200100082001600122084002200138100003100160245007700191250001200268260004000280300005000320700002400370520047000394600003400864INLIS00000000000235620260414085615 a0010-0426000034ta260414 j 1 ind  a978-602-6234-09-4 a899.221.301 a899.221.301 NIT m0 aNita chandra ( Pengarang )1 aMisi penyelamatan kat :bKapten bhukal /cNita chandra; editor, D. Liana aCet.III aSemarang :bTiga media prima,c2020 a80 hlm :biIus,bergambar,hitam putih ;c21 cm0 aD. Liana ( Editor ) aPerkenalan Nino dengan Malda berwal dari ulah Kat, kucing peliharaan malda, yang menyerang hamster Nino. Beberapa keganjilan Nino rasakan selama berinteraksi dengan keluarga anak permepuan itu. Keadaan semakin membingungkan ketika dua orang aneh selalu muncul di dekat mereka. Hingga suatu hari Malda meminta bantuannya mencari Kat yang hilang. Apakah Nino akan membantu mencari Kat, Kucing yang selalu mengganggu hamsternya? siapa sebenarnya Malda dan Keluarganya? 4afiksi indonesia - bacaan anak